• 首页
  • 本馆介绍
  • 公告通知
  • 最新文献
  • 馆藏检索
  • 电子资源
  • 读者导购
  • 参考咨询
  • 我的图书馆
  • 登录
  • 详细信息显示
  • 放入我的书架
  • 预约/预借图书
  • 作者相关作品
  • 分类相关作品
  • 丛书相关作品
  • 出版社相关作品

书目信息

  • 表格格式
  • 工作单格式
  • 卡片格式
题名:
寻找“瓦尔登湖”
    
 
作者: 威廉姆斯 著 ;万弋芳 , 钟永军 , 吴小佩 译
分册:  
出版信息: 北京   社会科学文献出版社  2021
页数: 386页
开本: 21cm
丛书名:
单 册:
中图分类: F062.2
科图分类:
主题词: 生态经济--sheng tai jing ji--研究
电子资源:
ISBN: 978-7-5201-7751-1
000 01740nam0 2200313 450
001 2160509328
005 20210926145306.0
010    @a978-7-5201-7751-1@dCNY89.00
100    @a20210603d2021 em y0chiy0120 ea
101 0  @achi@ceng
102    @aCN@b110000
105    @aa z 000yy
106    @ar
200 1  @a寻找“瓦尔登湖”@Axin zhao wa er deng hu@e借自然之利恢复经济弹性@dGreening the economy@eintegrating economics and ecology to make effective change@f(美)鲍勃·威廉姆斯(Bob Williams)著@g万弋芳,钟永军,吴小佩译@zeng
210    @a北京@c社会科学文献出版社@d2021
215    @a386页@c图@d21cm
300    @a江西长江经济带建设协同创新中心资助项目
305    @aTaylor & Francis出版集团旗下,Routledge出版公司授权出版
330    @a本书以经济学和生态学为基础,就令人困惑的“就业与环境”争论提出了真知灼见,并提出了一个建立更宜居关系的路径。为避免出现极端的观点,即经济增长将破坏或拯救我们的自然环境,本书坚持更为客观的立场,阐明了为什么一些国家的自然环境比40年前更好或更糟。本书从生态学的视角确定了24个能够支持经济福利实现的关键生态服务要素。对这些服务及其基本生态影响的解读,将那些易受经济发展影响的服务与那些不易受影响的服务区分开来。本书从经济学的角度考察了市场有效运行的条件,并将其与无效运行的条件进行区分。
510 1  @aGreening the economy@eintegrating economics and ecology to make effective change@zeng
517 1  @a借自然之利恢复经济弹性@Ajie zi ran zhi li hui fu jing ji dan xing
606 0  @a生态经济@Asheng tai jing ji@x研究
690    @aF062.2@v5
701  0 @c(美)@a威廉姆斯@Awei lian mu si@c(Williams, Bob)@4著
702  0 @a万弋芳@Awan yi fang@4译
702  0 @a钟永军@Azhong yong jun@4译
702  0 @a吴小佩@Awu xiao pei@4译
801  0 @aCN@b百万庄@c20210926
905    @b1300607-610@dF062.2@e173@f4
    
    寻找“瓦尔登湖”:借自然之利恢复经济弹性=Greening the economy:integrating economics and ecology to make effective change/(美)鲍勃·威廉姆斯(Bob Williams)著/万弋芳,钟永军,吴小佩译.-北京:社会科学文献出版社,2021
    386页:图;21cm
    江西长江经济带建设协同创新中心资助项目
    
    ISBN 978-7-5201-7751-1:CNY89.00
    本书以经济学和生态学为基础,就令人困惑的“就业与环境”争论提出了真知灼见,并提出了一个建立更宜居关系的路径。为避免出现极端的观点,即经济增长将破坏或拯救我们的自然环境,本书坚持更为客观的立场,阐明了为什么一些国家的自然环境比40年前更好或更糟。本书从生态学的视角确定了24个能够支持经济福利实现的关键生态服务要素。对这些服务及其基本生态影响的解读,将那些易受经济发展影响的服务与那些不易受影响的服务区分开来。本书从经济学的角度考察了市场有效运行的条件,并将其与无效运行的条件进行区分。
●
相关链接 在E读中查询图书 在五车中查询图书 在当当中查询图书 在豆瓣中查询图书


正题名:寻找"瓦尔登湖"     索取号:F062.2/173         预约/预借

序号 登录号 条形码 馆藏地/架位号 状态 备注
1 1300607   213006076   第一样本阅览室/ [索取号:F062.2/173] 在馆    
2 1300608   213006085   第一借阅区/ [索取号:F062.2/173] 在馆    
3 1300609   213006094   第一借阅区/ [索取号:F062.2/173] 在馆    
4 1300610   213006101   第一借阅区/ [索取号:F062.2/173] 在馆    
唐山师范学院图书馆 欢迎您!
大连网信软件有限公司© 版权所有